Statistics for John Prine Charting Songs (Billboard Hot Rock)

Click here to take the quiz!

General Stats

  • This quiz has been taken 5 times
  • The average score is 5 of 7

Answer Stats

AlbumWeeks OnPeakArtist(s)Song% Correct
In Spite of Ourselves2 Weeks#5John Prine with Iris DeMentIn Spite of Ourselves
100%
John Prine1 Week#11John PrineAngel from Montgomery
100%
Hello in There1 Week#18John PrineHello in There
100%
Streetlights1 Week#20Bonnie Raitt & John PrineAngel from Montgomery
100%
The Tree of Forgiveness1 Week#19John PrineWhen I Get to Heaven
50%
Bruised Orange1 Week#24John PrineThat's the Way that the World Goes Round
0%
Non-Album Single1 Week#29John PrineI Remember Everything
0%

Score Distribution

Percentile by Number Answered

Percent of People with Each Score

Your Score History

You have not taken this quiz